A comparative history of ideas

Hajime Nakamura argues that particular intellectual and social developments can be traced in all great cultures; that each culture deals with its problems in about the same order. Discussing ideas from India, China, Japan and Europe, the author considers such inclusive notions as the concept of God.

Na minha lista:
Detalhes bibliográficos
Autor principal: Nakamura, Hajime
Formato: Livro
Idioma:Undetermined
Publicado em: London KPI 1986
Assuntos:
Tags: Adicionar Tag
Sem tags, seja o primeiro a adicionar uma tag!
Thư viện lưu trữ: Trung tâm Học liệu Trường Đại học Cần Thơ
LEADER 00924nam a2200205Ia 4500
001 CTU_223692
008 210402s9999 xx 000 0 und d
082 |a 109 
082 |b N163 
100 |a Nakamura, Hajime 
245 2 |a A comparative history of ideas 
245 0 |c Hajime Nakamura 
260 |a London 
260 |b KPI 
260 |c 1986 
520 |a Hajime Nakamura argues that particular intellectual and social developments can be traced in all great cultures; that each culture deals with its problems in about the same order. Discussing ideas from India, China, Japan and Europe, the author considers such inclusive notions as the concept of God. 
650 |a Triết học, so sánh,Philosophy, Comparative,Philosophy, Comparative,Philosophy, Comparative,Philosophy, Comparative 
650 |y Triết học, so sánh 
910 |a Trúc 
980 |a Trung tâm Học liệu Trường Đại học Cần Thơ